| 000 | 00761nam a22002057a 4500 | ||
|---|---|---|---|
| 999 |
_c5344 _d5344 |
||
| 003 | AR-CdUCM | ||
| 008 | 190312b ||||| |||| 00| 0 spa d | ||
| 040 |
_aMUNICIPALIDAD PROVINCIAL DEL CUSCO _cBIBLIOTECA MUNICIPAL DEL CUSCO |
||
| 082 |
_a150.1954 / _bEV96 |
||
| 100 |
_aEvans, Richard _916132 |
||
| 245 | _aConversaciones con Jung / | ||
| 260 |
_aMadrid : _bEds. Guadarrama, _c1968. |
||
| 300 |
_a208 páginas ; _c18 cm. |
||
| 505 | _aPrologo de una azarosa aventura -- Jung y Freud -- El inconsciente -- Teoría de la introversión-extraversión --Algunas respuestas concernientes a los <test> psicológicos... | ||
| 650 |
_aPsicoanalistas _916133 |
||
| 650 |
_aConversaciones _916134 |
||
| 650 |
_aFreud _916135 |
||
| 942 |
_2ddc _cLIBROS |
||
| 945 | _admma | ||